| 000 | 00000nam##2200000za#4500 |
| 001 | 9.612666 |
| 003 | CaOODSP |
| 005 | 20220111083424 |
| 007 | ta |
| 008 | 150406|1996||||xxc||||| f|0| 0 eng|d |
| 020 | |a0-662-23970-9 |
| 022 | |a1713-0638 |
| 040 | |aCaOODSP|beng |
| 043 | |an-cn--- |
| 086 | 1 |aNE22-1/1996-1E |
| 110 | 1 |aCanada. |bNational Energy Board. |
| 245 | 10|aIn the matter of Altresco Pittsfield, L.P.; Crestar Energy; Enron Capital & Trade Resources Corp. : |bapplications pursuant to Part VI of the National Energy Board Act for licences to export natural gas and, Husky Oil Operations Ltd.: application pursuant to section 21 of the National Energy Board Act to amend a licence to export natural gas |
| 260 | |aCalgary - Alberta : |bNational Energy Board |cJanuary, 1996. |
| 300 | |avi, 33p. : |btable ; |c28 cm. |
| 490 | 1 |aReasons for decision|x1713-0638 |
| 563 | |aSoftcover |
| 590 | |a96-07|b1996-02-16 |
| 775 | 08|tRelativement à Altresco Pittsfield, L.P.; Crestar Energy; Enron Capital & TradeResources Corp. : |w(CaOODSP)9.623577 |
| 776 | 0#|tReasons for decision in the matter of Altresco Pittsfield L.P, Crestar Energy, Enron Capital & Trade Resources ... and Husky Oil Operations Ltd. : |w(CaOODSP)9.572487 |
| 830 | #0|aReasons for decision (Canada. National Energy Board)|x1713-0638|w(CaOODSP)9.514808 |
| 986 | |aGH-4-95 |